00269nam a2200109 a 4500008004100000050001800041100001800059245005300077260000900130300001100139350000900150120416s1998 xx |||||||||||||| || u aSB 950.95 Bio aCopping, L. G14aThe Biopesticide manualcedited by L. G. Copping c1998 a: ill. a0.00